LEADER 00768nam a2200217 4500 001 000000363000 003 CaOOAMICUS 005 20250530092452.0 008 250530s2025 it a 000 u ita r 040 $aSeMil$bita 245 00$aReliquie del beato Mario Ciceri. 264 1$a[S.l. :$bs.n.],$c[2025] 300 $a28 p. :$bill. ;$c21 cm 600 10$aCiceri, Mario .$0(OLS)http://semarc/subject/51434 850 $aSeMil 852 $aSeMil$W1$xVenegono$y1$m5B VIII 4/22$j258684$B253873$CSeMilBibl$Z2$F253873 $81 941 1 $a7 961 $aOmaggio mons. Mario Delpini 996 $6245$aReliquie del beato Mario Ciceri$9(OLS)http://semarc/title/454024 996 $6264$a[S.l. :$bs.n.]$9(OLS)http://semarc/publisher/29751 LEADER 00835nam a2200193 i 4500 001 000000114947 003 CaOOAMICUS 005 20240830100541.0 008 030507s1993 it u000 u ita u 040 $aSeMil$bita 245 13$a2: Materiale per esercizi /$cPio Ciprotti. 264 1$aRoma :$bPontificia Università Gregoriana,$c1993. 300 $av. ;$e24 cm 773 0 $aCiprotti, Pio <1914-1993>$tIntroduzione pratica allo studio dell'ebraico biblico.$dRoma : Pontificia Università Gregoriana, 1993.$g2$w()9231 850 $aSeMil 852 $aSeMil$W1$xVenegono$y1$m2Y VI 87$j250560$B250667$CSeMilBibl$Z2$F250667 $81 996 $6245$a2: Materiale per esercizi$9(OLS)http://semarc/title/168176 996 $6264$aRoma :$bPontificia Università Gregoriana$9(OLS)http://semarc/publisher/29750